TRANSIENT INCREASE OF HBsAg LEVELS FOLLOWING HUMAN IFN ALPHA TREATMENT SIGNALISES THE PATIENT'S RESPONSE IN CHRONIC ACTIVE HEPATITIS B

Bibliographic Details
Main Authors: Stanček, D. (Author), Blaškovičová, H. (Author), Hajnická, V. (Author), Janota, S. (Author), Ježek, P. (Author), Laktiš, Karol, 1953- (Author), Šudová, J. (Author)
Format: Article
Language:English

MARC

LEADER 00000nab a2200000uu 4500
001 vtls011455388
003 SK-MaSNL
005 20260303151515.0
008 230222|1990 xo |||||||||||||||||eng|
015 |a SNBRB 
035 |a (urnnbn)urn:nbn:sk:snk:ar-a07s23 
035 |a (uuid)6b8cb459-9d6f-4630-9849-32fce7f82d68 
035 |a urn:nbn:sk:snk-abcqg3 
040 |a SNKBUCL  |b slo  |c SNKBUCL  |e AACR2 
041 0 |a eng 
044 |a xo  |c SK 
100 1 |a Stanček, D.  |4 aut  |9 824858 
245 1 0 |a TRANSIENT INCREASE OF HBsAg LEVELS FOLLOWING HUMAN IFN ALPHA TREATMENT SIGNALISES THE PATIENT'S RESPONSE IN CHRONIC ACTIVE HEPATITIS B  |c D. Stanček, V. Hajnická, H. Blaškovičová, J. Šudová, K. Laktiš, S. Janota, P. Ježek 
700 1 |a Blaškovičová, H.  |4 aut  |9 839431 
700 1 |a Hajnická, V.  |4 aut  |9 781160 
700 1 |a Janota, S.  |4 aut  |9 1171173 
700 1 |a Ježek, P.  |4 aut  |9 772991 
700 1 |a Laktiš, Karol,  |d 1953-  |4 aut  |9 40351 
700 1 |a Šudová, J.  |4 aut  |9 1171174 
773 0 |t Acta virologica  |g Roč. 34, č. 5 (1990), s. 457-466 
958 |a OND 
958 |a EUIPO 
958 |a article16 
999 |c 2017992  |d 2019922